|
|
|
|
| LEADER |
00750cas a2200169 a 4500 |
| 001 |
AALejournalResearch4Life001046 |
| 008 |
240902c9999 xx r poo 0 0eng d |
| 022 |
|
|
|a 1691163
|
| 040 |
|
|
|a BD-DhAAL
|c BD-DhAAL
|
| 245 |
0 |
0 |
|h [electronic resource]
|a Japanese Journal of Rheumatology
|
| 260 |
|
|
|b Cambridge University Press
|
| 300 |
|
|
|a 1 online resource
|
| 362 |
0 |
|
|a v. 7:1 (1997) - v. 9:4 (1999)
|
| 500 |
|
|
|a <strong>On-Campus Access Only (IP based access)</strong>
|
| 506 |
|
|
|a Electronic access restricted to authorized BRAC University faculty, staff and students
|
| 538 |
|
|
|a Mode of access: Internet
|
| 856 |
4 |
0 |
|z Full text available on Research4Life (HINARI,AGORA,OARE,ARDI & GOALI)
|u https://login.research4life.org/tacsgr0www_tandfonline_com/loi/imor19
|